00659nam a2200169 a 450000500170000000800410001705000250005810000350008324500920011826000270021044000330023765000180027065000290028894200080031799900190032595201450034420140414093841.0081120s19uu xx uuu eng d aVCD 793.31bB34 2002 aBayanihan Folk Arts Foundation aTribal Suite, Vol 5 :bdances of Ethnic Pagan Origin /cBayanihan Folk Arts Foundation. bIvory Records,cc2002. aInstructional Video Series 1 aFolk Dancing. aFolk DancexPhilippines. cAVM c109335d109335 00104050aLUXbLUXcAVd2008-11-20eLib. Fundg300.00l2m1oVCD 793.31 B34 2002pAV0975r2017-02-21 00:00:00s2017-02-16w2014-04-14yAVM